| 000 | 03032nam a22003974i 4500 | ||
|---|---|---|---|
| 001 | 991061739675006706 | ||
| 003 | ES-BaIT | ||
| 005 | 20260413120531.0 | ||
| 008 | 260331s201910 sp a 001 daspa c | ||
| 017 |
_aDL M 30656-2019 _bOficina DL Madrid |
||
| 020 | _a9788478398058 | ||
| 040 |
_aES-BaIT _bcat _erda _cES-BaIT |
||
| 080 | _a860-2"19" | ||
| 100 | 1 |
_aDurán, Victorina, _d1899-1993 _eautor _9162937 |
|
| 245 | 1 | 0 |
_aA Teatro descubierto / _cVictorina Durán ; edición de Eva Moreno |
| 264 | 1 |
_aMadrid : _bEdiciones Torremozas, _coctubre 2019 |
|
| 300 |
_a336 pàgines : _bil·lustracions (algunes en color) ; _c21 cm |
||
| 336 |
_atext _btxt _2rdacontent |
||
| 337 |
_asense mediació _bn _2rdamedia |
||
| 338 |
_avolum _bnc _2rdacarrier |
||
| 490 | 1 | _aIngrávida. Teatro | |
| 505 | 8 | _aConté: Al margen ; Era solo Mío ; ¡Raptada! ; Una novela rosa ; Una aventura extraordinaria ; 0013 detective madrileña ; La pitonisa | |
| 520 | _a "Victorina Durán (Madrid, 1899–1993) es una artista polifacética: escenógrafa, figurinista, directora, docente, periodista, pintora, conferenciante, escritora y dramaturga. Su vida es un testimonio del avance de la mujer a principios del siglo XX. Victorina reúne todas las características para pertenecer al grupo intelectual de las mujeres de la Edad de Plata, pero en ningún estudio aparece su nombre. La aportación que Durán realizó a la renovación del teatro español, diseñando escenografías y figurines con las mejores compañías madrileñas, la convierten en una pieza clave dentro de la historia teatral española. Continuó con su prolífica producción artística durante su exilio en Buenos Aires y a su regreso a España en 1963.A teatro descubierto presenta la primera antología teatral de la artista, inédita hasta ahora. Se trata de siete obras escritas entre 1937 y 1965 aproximadamente, entre la que destaca Al Margen, de temática lésbica. Se incluyen ilustraciones de la propia autora, un anexo fotográfico y una introducción crítica de Eva Moreno. Sacar a la luz estos inéditos supone revalorizar esta figura fundamental de la Edad de Plata y del exilio republicano." -- Contracoberta | ||
| 700 | 1 |
_aMoreno Lago, Eva _eeditor literari _9162941 |
|
| 700 | 1 | 2 |
_iContenidor de (obra): _aDurán, Victorina, _d1899-1993. _tAl margen _9169241 |
| 700 | 1 | 2 |
_iContenidor de (obra): _aDurán, Victorina, _d1899-1993. _tEra solo Mío _9169242 |
| 700 | 1 | 2 |
_iContenidor de (obra): _aDurán, Victorina, _d1899-1993. _t ¡Raptada! _9169243 |
| 700 | 1 | 2 |
_iContenidor de (obra): _aDurán, Victorina, _d1899-1993. _tNovela rosa _9169244 |
| 700 | 1 | 2 |
_iContenidor de (obra): _aDurán, Victorina, _d1899-1993. _tAventura extraordinaria _9169245 |
| 700 | 1 | 2 |
_iContenidor de (obra): _aDurán, Victorina, _d1899-1993. _t0013 detective madrileña _9169246 |
| 700 | 1 | 2 |
_iContenidor de (obra): _aDurán, Victorina, _d1899-1993. _tPitonisa _9169247 |
| 830 |
_aIngrávida (Ediciones Torremozas). _pTeatro _9169248 |
||
| 908 | _aCDMAE | ||
| 940 | _aCVA2 | ||
| 942 |
_2udc _c1 |
||
| 999 |
_c137363 _d137363 |
||